000 00720nam a2200241Ia 4500
008 160418s9999 xx 000 0 und d
020 _a978-971-93602-3-0
050 _aFIL DS 675.8
050 _b.R5R58 2007
100 _aRivas, Dionesio.
245 _aRizal and other Philippine heroes & heroines :
245 _ba primer and teaching strategies /
245 _cDionesio Rivas, Michael Nael.
260 _aBulacan :
260 _bS.U.G. Pub. House Inn.,
260 _c2007
300 _a228 pages :
300 _billustrations ;
300 _c21 cm.
650 _aHeroes -- Philippines -- Biography.
650 _aRizal, Jose P., 1861-1896.
650 _xRevolutionaries -- Philippines -- Biography.
999 _c293665
_d293665